Soviet Union, a country study /

Bibliographic Details
Corporate Authors: Library of Congress. Federal Research Division, United States. Department of the Army
Other Authors: Zickel, Raymond E., 1934-
Format: Government Document Book
Language:English
Published: Washington, D.C. : Headquarters, Dept. of the Army : 1991.
Edition:2nd ed., 1991.
Series:DA pam ; 550-95.
Area handbook series.
Subjects:

MARC

Tag First Indicator Second Indicator Subfields
LEADER 00000cam a22000008a 4500
001 in00001031813
005 20150928155654.0
008 901130s1991 dcuab b f001 0 eng
010 |a (DG92057411  
010 |a  90025756  
020 |a 0160363802 :  |c $39.00 
035 |a (OCoLC)22911443 
035 |9 AFJ5191AM 
037 |a 008-020-01253-0  |b GPO 
037 |a PIN:006946-000  |b DA 
040 |d GPO  |d DLC  |d UtOrBLW 
043 |a e-ur--- 
050 0 0 |a DK17  |b .S6396 1991 
074 |a 327-J 
082 0 0 |a 947  |2 20 
086 0 |a D 101.22:550-95/991 
245 0 0 |a Soviet Union, a country study /  |c Federal Research Division, Library of Congress ; edited by Raymond E. Zickel. 
250 |a 2nd ed., 1991. 
264 1 |a Washington, D.C. :  |b Headquarters, Dept. of the Army :  |c 1991. 
264 2 |a Washington, D.C. :  |b For sale by the Supt. of Docs., U.S. G.P.O., 
300 |a lxxxii, 1068 pages :  |b illustrations, maps ;  |c 24 cm. 
336 |a text  |b txt  |2 rdacontent 
337 |a unmediated  |b n  |2 rdamedia 
338 |a volume  |b nc  |2 rdacarrier 
490 1 |a DA pam ;  |v 550-95 
490 1 |a Area handbook series 
500 |a "Research completed May 1989." 
500 |a "Supersedes the Area handbook for the Soviet Union, first published in 1971"--P. xxiii. 
500 |a Shipping list number: 91-760-P. 
500 |a "First printing"--Title page verso. 
504 |a Includes bibliographical references (pages 895-977). 
500 |a Includes index. 
651 0 |a Soviet Union. 
700 1 |a Zickel, Raymond E.,  |d 1934- 
710 2 |a Library of Congress.  |b Federal Research Division. 
710 1 |a United States.  |b Department of the Army. 
730 0 |a Area handbook for the Soviet Union. 
830 0 |a DA pam ;  |v 550-95. 
830 0 |a Area handbook series. 
999 |a MARS 
999 f f |s ef4ebfa5-4f8c-38c5-b73c-f679c85b07ac  |i b2983d88-4d3c-342d-b166-ba870b77db71  |t 0 
952 f f |p normal  |a Texas A&M University  |b College Station  |c Sterling C. Evans Library  |d Evans: US Documents (Annex 5th floor)  |t 0  |e D 101.22:550-95/991  |h Superintendent of Documents classification  |i unmediated -- volume  |m A14815932887 
998 f f |a D 101.22:550-95/991  |t 0  |l Evans: US Documents (Annex 5th floor)